Pozycja Corporate Name
Liczba rekordów, w których użyto hasła: 1
001 - Numer kontrolny
- control field: 40363
003 - Identyfikator numeru kontrolnego
- control field: NUKAT
005 - Data i czas ostatniej modyfikacji
- control field: 20260421130806.0
008 - Dane kontrolne kodowane (40 znaków)
- fixed length control field: 980301i||a|znnbabn |a ana |c
010 ## - Numer kontrolny Biblioteki Kongresu
- numer kontrolny LC: s 98051967
040 ## - Instytucja sporządzająca rekord
- inst. przygot. dane do rek. khw: GD U/GJ
- język haseł przedmiotowych/tezaurus: kaba
- inst. wprow. rek. khw: WA U/BR
- inst. modyf. rek. khw: Ł U/RR
083 #4 - DEWEY DECIMAL CLASSIFICATION NUMBER
- pojed. symbol lub pocz. z zakr. symboli: 320
- określenie wyjaśniające: Nauki polityczne
110 2# - Hasło - nazwa ciała zbiorowego
- nazwa ciała zbior. lub geogr. na pocz.: Unia Europejska
- określnik rzeczowy: członkostwo.
410 ## - Trop zob. - nazwa ciała zbiorowego
- nazwa ciała zbior. lub geogr. na pocz.: Union européenne
- określnik rzeczowy: Adhesion [f]
410 ## - Trop zob. - nazwa ciała zbiorowego
- nazwa ciała zbior. lub geogr. na pocz.: European Union
- określnik rzeczowy: Membership [c]
410 2# - Trop zob. - nazwa ciała zbiorowego
- nazwa ciała zbior. lub geogr. na pocz.: Wspólnota Europejska
- określnik rzeczowy: członkostwo.
450 ## - Trop zob. - nazwa pospolita
- nazwa posp. lub nazwa geogr. na pocz.: Członkostwo w Unii Europejskiej.
450 ## - Trop zob. - nazwa pospolita
- nazwa posp. lub nazwa geogr. na pocz.: Rozszerzenie Unii Europejskiej.
450 ## - Trop zob. - nazwa pospolita
- nazwa posp. lub nazwa geogr. na pocz.: Rozszerzenie Wspólnoty Europejskiej.
510 2# - Trop zob. też - nazwa ciała zbiorowego
- podpole kontrolne: h
- nazwa ciała zbior. lub geogr. na pocz.: Unia Europejska
- określnik rzeczowy: stosunki zagraniczne.
550 ## - Trop zob. też - nazwa pospolita
- podpole kontrolne: g
- nazwa posp. lub nazwa geogr. na pocz.: Organizacje międzynarodowe
- określnik rzeczowy: członkostwo.
550 ## - Trop zob. też - nazwa pospolita
- podpole kontrolne: h
- nazwa posp. lub nazwa geogr. na pocz.: Brexit.
551 ## - Trop zob. też - nazwa geograficzna
- nazwa geograficzna: Kraje Unii Europejskiej.
670 ## - Źródło informacji
- źródło informacji: RAMEAU